Crusader archaeology : the material culture of the Latin East /
محفوظ في:
المؤلف الرئيسي:
التنسيق: كتاب
اللغة: English
منشور في:
London ; New York :
Routledge,
1999.
الموضوعات:
الوسوم: إضافة وسم
لا توجد وسوم, كن أول من يضع وسما على هذه التسجيلة!
رقم الطلب: D183 .B63 1999
| LEADER | 01369namaa2200313 4500 | ||
|---|---|---|---|
| 001 | 12158 | ||
| 003 | OSt | ||
| 005 | 20240916080428.0 | ||
| 008 | 130303s1999 enkab b 001 0 eng d | ||
| 952 | |0 0 |1 0 |2 lcc |4 0 |6 D0183 B63 01999 |7 1 |9 57981 |a ARCE |b ARCE |d 2023-12-17 |l 0 |o D183 .B63 1999 |p 1011030 |r 2023-12-17 00:00:00 |w 2023-12-17 |y BK | ||
| 999 | |c 10627 |d 10627 | ||
| 010 | |a 98041042 | ||
| 020 | |a 0415173612 | ||
| 040 | |c ARCE Library | ||
| 043 | |a a-is--- | ||
| 050 | 4 | |a D183 .B63 1999 | |
| 100 | 1 | |a Boas, Adrian J., |d 1952- |e author | |
| 245 | 1 | 0 | |a Crusader archaeology : |b the material culture of the Latin East / |c Adrian J. Boas. |
| 264 | 1 | |a London ; |a New York : |b Routledge, |c 1999. | |
| 300 | |a xxi, 267 pages : |b illustrations, maps ; |c 24 cm. | ||
| 504 | |a Includes bibliographical references (pages [238]-255) and index. | ||
| 505 | 0 | |a 1. Background: the Crusades and Outremer 2. The city and urban life 3. The rural landscape 4. The defence of the Latin East 5. Frankish ecclesiastical architecture 6. Crafts and minor arts 7. The fine arts 8. Building techniques and materials 9. Burials. | |
| 555 | |a .alaa-sweed | ||
| 650 | 0 | |a Crusades. | |
| 650 | 0 | |a Excavations (Archaeology) |z Jerusalem. | |
| 651 | 0 | |a Jerusalem |x Antiquities. | |
| 651 | 0 | |a Jerusalem |x History |y Latin Kingdom, 1099-1244. | |
| 901 | |a reviewed | ||
| 942 | |c BK |2 lcc | ||
